000 00676nam a2200217Ia 4500
003 GCL
008 140319s9999 xx 000 0 ara d
040 _aGCL /
_cGCL
082 0 4 _a620.1
_bش ك
100 1 _aاحمد يوسف الحسن
245 1 0 _aكتاب الحيل /
_cاحمد يوسف الحسن
700 1 _aمحمد على خياطة (تحرير)
700 1 _aابن شاكر : موسى
700 1 _aمصطفى تعمرى
300 _a442 ص
490 _aسلسلة تاريخ التكنولوجيا
_v0
650 0 4 _aالعلوم عند العرب
650 0 4 _aالعلماء العرب
650 0 4 _aالهندسة - تاريخ
942 _2ddc
_cBK
999 _c43727
_d43727